Mainamati: (Record no. 23030)

MARC details
000 -LEADER
fixed length control field 00675nam a22001817a 4500
003 - CONTROL NUMBER IDENTIFIER
control field BDDh-ASL
005 - DATE AND TIME OF LATEST TRANSACTION
control field 20231015030204.0
008 - FIXED-LENGTH DATA ELEMENTS--GENERAL INFORMATION
fixed length control field 210311n19561955pk ||||| |||| 00| 0 eng d
040 ## - CATALOGING SOURCE
Original cataloging agency BDDh-ASL
Transcribing agency BDDh-ASL
082 ## - DEWEY DECIMAL CLASSIFICATION NUMBER
Classification number 930.1095
Item number KHM
100 1# - MAIN ENTRY--PERSONAL NAME
9 (RLIN) 2439
Personal name Khan, F. A.
Titles and words associated with a name Dr.
245 10 - TITLE STATEMENT
Title Mainamati:
Remainder of title Further Excavations in East Pakistan /
260 ## - PUBLICATION, DISTRIBUTION, ETC.
Place of publication, distribution, etc. Karachi:
Name of publisher, distributor, etc. Pakistan Publications,
Date of publication, distribution, etc. 1955-56?
300 ## - PHYSICAL DESCRIPTION
Extent 33 p. :
Dimensions 23 cm.
650 #0 - SUBJECT ADDED ENTRY--TOPICAL TERM
Topical term or geographic name entry element Archaeology, প্রত্নতত্ত্ব Pratnatattba
9 (RLIN) 1567
650 #0 - SUBJECT ADDED ENTRY--TOPICAL TERM
9 (RLIN) 399
Topical term or geographic name entry element প্রত্নতত্ত্ব, Excavations (Archaeology)
General subdivision বাংলাদেশ Bangladesh.
Geographic subdivision East Pakistan
942 ## - ADDED ENTRY ELEMENTS (KOHA)
Source of classification or shelving scheme Dewey Decimal Classification
Koha item type Books
Holdings
Withdrawn status Lost status Source of classification or shelving scheme Damaged status Not for loan Collection code Home library Current library Shelving location Date acquired Source of acquisition Total Checkouts Full call number Barcode Date last seen Copy number Price effective from Koha item type Public note
    Dewey Decimal Classification     Non-fiction Asiatic Society Library Asiatic Society Library General Stacks 03/11/2021 Donated by Prof. Dr. M. Abdul Qayyum and Dr. Razia Sultana   930.1095 KHM 107412 03/11/2021 C-1 03/11/2021 Books RARE

Powered by Koha